| 000 | 00720cam a22002412i 4500 | ||
|---|---|---|---|
| 001 | CIP113018095 | ||
| 003 | YEEZEN | ||
| 005 | 20250113153712.0 | ||
| 008 | 241119s2024 ch e 000 0 chi d | ||
| 020 |
_a9789579972673 _q(平裝) : _cNT$350 |
||
| 040 |
_aCIP _bchi _cCIP |
||
| 042 | _anbic | ||
| 084 |
_a410.1619 _2ncsclt |
||
| 090 | _a410.1619 | ||
| 245 | 1 | 0 |
_a醫病雙贏 第三輯 _b: 醫學倫理暨病人安全論壇. 第三輯= Issue on medical ethics & patient safety. vol.3. |
| 260 |
_a臺中市 : _b澄清基金會, _c2024.12 |
||
| 300 |
_a面 ; _c公分 |
||
| 650 | 7 |
_2lcstt _a醫學倫理 |
|
| 650 | 7 |
_2lcstt _a醫病關係 |
|
| 650 | 7 |
_2lcstt _a病人 |
|
| 650 | 7 |
_2lcstt _a文集 |
|
| 942 |
_2ccl _cBOOK |
||
| 999 |
_c7633 _d7633 |
||